Obchodné vzťahy Slovenska a Ruska diplomová práca

Gespeichert in:
Bibliographische Detailangaben
1. Verfasser: Molnárová, Natália
Körperschaft: Obchodná fakulta EU. Katedra medzinárodného obchodu
Weitere Verfasser: Fízeľová, Elena
Format: Buch
Sprache:Slowakisch
Veröffentlicht: Bratislava 2009
Tags: Tag hinzufügen
Keine Tags, Fügen Sie das erste Tag hinzu!

MARC

LEADER 00000nam$a2200000$$$4500
001 0100862
005 20240318133742.7
041 0 |a slo 
044 |a SK 
245 1 0 |a Obchodné vzťahy Slovenska a Ruska  |b diplomová práca  |c Natália Molnárová ; škol. Elena Fízeľová 
264 1 |a Bratislava  |c 2009 
300 |a 73 s. 
100 1 |a Molnárová, Natália 
700 1 |a Fízeľová, Elena 
710 2 |a Obchodná fakulta EU. Katedra medzinárodného obchodu